[Event "45th FIDE Chess Olympiad Open"]
[Site "Budapest, Hungary"]
[Date "2024.09.22"]
[Round "11"]
[White "Grandelius, Nils"]
[Black "Henderson de La Fuente, Lance"]
[Result "1/2-1/2"]
[Board "105"]
[WhiteFideId "1710400"]
[BlackFideId "32096585"]
[WhiteTitle "GM"]
[BlackTitle "GM"]
[WhiteElo "2653"]
[BlackElo "2519"]
[WhiteTeam "Sweden"]
[BlackTeam "Andorra"]
[WhiteClock "0:04:15"]
[BlackClock "0:35:34"]
[Variant "Standard"]

1. e4 {[%clk 1:30:37]}  e5 {[%clk 1:29:57]} 2. Nf3 {[%clk 1:30:57]}  Nc6 {[%clk 1:30:20]} 3. Bb5 {[%clk 1:31:21]}  Nf6 {[%clk 1:30:31]} 4. d3 {[%clk 1:31:17]}  Bd6 {[%clk 1:27:33]} 5. c3 {[%clk 1:28:08]}  O-O {[%clk 1:26:58]} 6. O-O {[%clk 1:28:20]}  Re8 {[%clk 1:24:21]} 7. Re1 {[%clk 1:26:57]}  a6 {[%clk 1:22:50]} 8. Ba4 {[%clk 1:23:15]}  b5 {[%clk 1:22:27]} 9. Bc2 {[%clk 1:20:24]}  Bf8 {[%clk 1:21:14]} 10. Bg5 {[%clk 1:14:58]}  h6 {[%clk 1:20:13]} 11. Bh4 {[%clk 1:15:20]}  d6 {[%clk 1:20:23]} 12. Nbd2 {[%clk 1:14:16]}  Nb8 {[%clk 1:19:12]} 13. a4 {[%clk 1:04:17]}  Bb7 {[%clk 1:17:27]} 14. axb5 {[%clk 0:48:56]}  axb5 {[%clk 1:17:50]} 15. Rxa8 {[%clk 0:49:20]}  Bxa8 {[%clk 1:18:15]} 16. Bxf6 {[%clk 0:49:30]}  Qxf6 {[%clk 1:18:37]} 17. Qa1 {[%clk 0:49:56]}  Nd7 {[%clk 1:14:27]} 18. Qa5 {[%clk 0:47:03]}  c6 {[%clk 1:14:38]} 19. b4 {[%clk 0:45:15]}  Qd8 {[%clk 1:10:09]} 20. Ra1 {[%clk 0:42:06]}  Nb6 {[%clk 1:06:23]} 21. Qa7 {[%clk 0:27:11]}  Re7 {[%clk 1:06:30]} 22. Qa2 {[%clk 0:27:37]}  Re8 {[%clk 0:55:38]} 23. Qa7 {[%clk 0:27:05]}  Re7 {[%clk 0:56:02]} 24. Qa2 {[%clk 0:27:32]}  Re8 {[%clk 0:56:25]} 25. Bb3 {[%clk 0:23:55]}  Qc7 {[%clk 0:56:24]} 26. c4 {[%clk 0:19:05]}  Bb7 {[%clk 0:51:41]} 27. Qc2 {[%clk 0:17:15]}  bxc4 {[%clk 0:46:54]} 28. dxc4 {[%clk 0:11:49]}  c5 {[%clk 0:46:10]} 29. b5 {[%clk 0:12:13]}  g6 {[%clk 0:45:36]} 30. Nb1 {[%clk 0:09:55]}  Ra8 {[%clk 0:39:16]} 31. Rxa8 {[%clk 0:09:53]}  Bxa8 {[%clk 0:38:50]} 32. Nc3 {[%clk 0:09:16]}  Qa7 {[%clk 0:39:05]} 33. Qa2 {[%clk 0:07:23]}  Qxa2 {[%clk 0:39:17]} 34. Bxa2 {[%clk 0:07:51]}  Be7 {[%clk 0:38:15]} 35. Kf1 {[%clk 0:06:53]}  f5 {[%clk 0:37:33]} 36. Nd5 {[%clk 0:03:22]}  Bxd5 {[%clk 0:34:46]} 37. cxd5 {[%clk 0:03:50]}  Bg5 {[%clk 0:30:52]} 38. Bb1 {[%clk 0:03:05]}  fxe4 {[%clk 0:29:46]} 39. Bxe4 {[%clk 0:03:27]}  Kf7 {[%clk 0:28:40]} 40. Ke2 {[%clk 0:02:30]}  Kf6 {[%clk 0:25:08]} 41. Kd3 {[%clk 0:28:22]}  h5 {[%clk 0:54:09]} 42. h3 {[%clk 0:21:24]}  Nd7 {[%clk 0:52:26]} 43. Kc2 {[%clk 0:20:30]}  Nb6 {[%clk 0:52:37]} 44. Kb3 {[%clk 0:18:38]}  Bh6 {[%clk 0:51:46]} 45. Nh4 {[%clk 0:18:29]}  Bd2 {[%clk 0:48:08]} 46. Nxg6 {[%clk 0:05:36]}  Be1 {[%clk 0:47:39]} 47. Nh4 {[%clk 0:04:50]}  Bxf2 {[%clk 0:45:50]} 48. Nf5 {[%clk 0:04:34]}  c4+ {[%clk 0:43:31]} 49. Kc3 {[%clk 0:04:23]}  Nxd5+ {[%clk 0:41:13]} 50. Bxd5 {[%clk 0:04:34]}  Kxf5 {[%clk 0:41:37]} 51. Kxc4 {[%clk 0:04:15]}  h4 {[%clk 0:36:39]} 52. Kd3 {[%clk 0:04:15]}  Bb6 {[%clk 0:35:34]} 1/2-1/2

[Event "45th FIDE Chess Olympiad Open"]
[Site "Budapest, Hungary"]
[Date "2024.09.22"]
[Round "11"]
[White "Fluvia Poyatos, Jordi"]
[Black "Blomqvist, Erik"]
[Result "1/2-1/2"]
[Board "106"]
[WhiteFideId "2214334"]
[BlackFideId "1709437"]
[WhiteTitle "IM"]
[BlackTitle "GM"]
[WhiteElo "2438"]
[BlackElo "2491"]
[WhiteTeam "Andorra"]
[BlackTeam "Sweden"]
[WhiteClock "0:20:44"]
[BlackClock "0:27:52"]
[Variant "Standard"]

1. e4 {[%clk 1:30:54]}  e5 {[%clk 1:30:53]} 2. Nf3 {[%clk 1:31:17]}  Nc6 {[%clk 1:31:16]} 3. d4 {[%clk 1:31:38]}  exd4 {[%clk 1:31:40]} 4. Nxd4 {[%clk 1:32:02]}  Nf6 {[%clk 1:31:39]} 5. Nxc6 {[%clk 1:31:50]}  bxc6 {[%clk 1:32:02]} 6. e5 {[%clk 1:32:12]}  Qe7 {[%clk 1:32:21]} 7. Qe2 {[%clk 1:32:36]}  Nd5 {[%clk 1:32:43]} 8. h4 {[%clk 1:32:30]}  Qe6 {[%clk 1:32:26]} 9. g3 {[%clk 1:31:27]}  d6 {[%clk 1:32:18]} 10. c4 {[%clk 1:30:32]}  Nb6 {[%clk 1:31:38]} 11. Bf4 {[%clk 1:28:28]}  dxe5 {[%clk 1:27:12]} 12. Qxe5 {[%clk 1:28:23]}  Bb4+ {[%clk 1:19:47]} 13. Nd2 {[%clk 1:28:24]}  Qxe5+ {[%clk 1:19:37]} 14. Bxe5 {[%clk 1:28:43]}  O-O {[%clk 1:19:51]} 15. a3 {[%clk 1:28:38]}  Bd6 {[%clk 1:07:03]} 16. Bxd6 {[%clk 1:17:50]}  Re8+ {[%clk 1:07:26]} 17. Kd1 {[%clk 1:13:43]}  cxd6 {[%clk 1:07:49]} 18. Bd3 {[%clk 1:10:10]}  Ba6 {[%clk 1:00:42]} 19. Kc2 {[%clk 1:02:01]}  d5 {[%clk 1:00:54]} 20. b3 {[%clk 0:54:44]}  dxc4 {[%clk 0:58:34]} 21. Nxc4 {[%clk 0:50:42]}  Bxc4 {[%clk 0:56:23]} 22. bxc4 {[%clk 0:51:02]}  Re5 {[%clk 0:55:57]} 23. Rhe1 {[%clk 0:48:02]}  Rc5 {[%clk 0:55:58]} 24. Kc3 {[%clk 0:42:24]}  Kf8 {[%clk 0:54:52]} 25. a4 {[%clk 0:35:40]}  a5 {[%clk 0:48:33]} 26. g4 {[%clk 0:27:14]}  Rd8 {[%clk 0:45:32]} 27. Re2 {[%clk 0:22:54]}  g6 {[%clk 0:40:14]} 28. g5 {[%clk 0:19:48]}  h6 {[%clk 0:26:33]} 29. f4 {[%clk 0:19:21]}  Kg7 {[%clk 0:25:40]} 30. Ra3 {[%clk 0:15:12]}  Rd6 {[%clk 0:04:43]} 31. Re8 {[%clk 0:09:29]}  hxg5 {[%clk 0:04:42]} 32. hxg5 {[%clk 0:09:37]}  f6 {[%clk 0:04:09]} 33. Re7+ {[%clk 0:08:24]}  Kf8 {[%clk 0:04:32]} 34. gxf6 {[%clk 0:08:37]}  Rxf6 {[%clk 0:01:32]} 35. Re5 {[%clk 0:03:21]}  Nd7 {[%clk 0:01:29]} 36. Rxc5 {[%clk 0:02:49]}  Nxc5 {[%clk 0:01:57]} 37. Kd4 {[%clk 0:02:39]}  Nd7 {[%clk 0:01:47]} 38. Ke3 {[%clk 0:01:37]}  Ke7 {[%clk 0:02:07]} 39. Ra1 {[%clk 0:01:30]}  Nc5 {[%clk 0:01:40]} 40. Rg1 {[%clk 0:01:24]}  Nxd3 {[%clk 0:00:36]} 41. Kxd3 {[%clk 0:29:41]}  Kd6 {[%clk 0:28:38]} 42. Kc3 {[%clk 0:20:55]}  Rxf4 {[%clk 0:27:36]} 43. Rxg6+ {[%clk 0:21:19]}  Kc7 {[%clk 0:27:12]} 44. Rg5 {[%clk 0:21:16]}  Kb6 {[%clk 0:26:56]} 45. Rh5 {[%clk 0:20:21]}  Rf3+ {[%clk 0:27:14]} 46. Kb2 {[%clk 0:20:25]}  Rf2+ {[%clk 0:27:28]} 47. Kb3 {[%clk 0:20:44]}  Rf3+ {[%clk 0:27:52]} 1/2-1/2

[Event "45th FIDE Chess Olympiad Open"]
[Site "Budapest, Hungary"]
[Date "2024.09.22"]
[Round "11"]
[White "Lokander, Martin"]
[Black "De La Riva Aguado, Oscar"]
[Result "1/2-1/2"]
[Board "107"]
[WhiteFideId "1709569"]
[BlackFideId "6900224"]
[WhiteTitle "IM"]
[BlackTitle "GM"]
[WhiteElo "2469"]
[BlackElo "2431"]
[WhiteTeam "Sweden"]
[BlackTeam "Andorra"]
[WhiteClock "0:08:59"]
[BlackClock "0:05:54"]
[Variant "Standard"]

1. d4 {[%clk 1:30:52]}  f5 {[%clk 1:30:39]} 2. g3 {[%clk 1:29:30]}  Nf6 {[%clk 1:30:50]} 3. Bg2 {[%clk 1:29:55]}  g6 {[%clk 1:31:12]} 4. Nd2 {[%clk 1:30:06]}  Bg7 {[%clk 1:30:52]} 5. e4 {[%clk 1:30:23]}  fxe4 {[%clk 1:31:09]} 6. Nxe4 {[%clk 1:30:48]}  Nxe4 {[%clk 1:29:40]} 7. Bxe4 {[%clk 1:31:08]}  d5 {[%clk 1:30:06]} 8. Bg2 {[%clk 1:31:32]}  Nc6 {[%clk 1:30:31]} 9. Nf3 {[%clk 1:31:57]}  O-O {[%clk 1:18:45]} 10. c3 {[%clk 1:24:41]}  Bf5 {[%clk 1:14:49]} 11. Nh4 {[%clk 1:19:38]}  Be6 {[%clk 1:09:28]} 12. O-O {[%clk 1:13:48]}  Qd7 {[%clk 1:02:19]} 13. Re1 {[%clk 1:08:40]}  Rae8 {[%clk 0:52:48]} 14. Qe2 {[%clk 0:59:21]}  Nd8 {[%clk 0:36:25]} 15. Bf4 {[%clk 0:57:28]}  c6 {[%clk 0:32:55]} 16. Qe3 {[%clk 0:52:00]}  Bg4 {[%clk 0:31:32]} 17. Nf3 {[%clk 0:39:57]}  Bxf3 {[%clk 0:12:12]} 18. Bxf3 {[%clk 0:40:00]}  e5 {[%clk 0:12:37]} 19. Bxe5 {[%clk 0:35:02]}  Nf7 {[%clk 0:13:02]} 20. Bg2 {[%clk 0:34:13]}  Nxe5 {[%clk 0:13:26]} 21. dxe5 {[%clk 0:34:36]}  Rxe5 {[%clk 0:13:52]} 22. Qxa7 {[%clk 0:33:16]}  Rxe1+ {[%clk 0:14:00]} 23. Rxe1 {[%clk 0:33:41]}  d4 {[%clk 0:14:28]} 24. Qc5 {[%clk 0:29:29]}  dxc3 {[%clk 0:09:34]} 25. bxc3 {[%clk 0:29:21]}  Qd2 {[%clk 0:09:58]} 26. Qe3 {[%clk 0:20:36]}  Qxa2 {[%clk 0:08:54]} 27. f4 {[%clk 0:12:45]}  Qb2 {[%clk 0:08:05]} 28. Qe6+ {[%clk 0:12:07]}  Kh8 {[%clk 0:08:30]} 29. c4 {[%clk 0:12:25]}  Qd4+ {[%clk 0:05:40]} 30. Kh1 {[%clk 0:12:47]}  b5 {[%clk 0:05:41]} 31. cxb5 {[%clk 0:09:23]}  cxb5 {[%clk 0:06:06]} 32. h4 {[%clk 0:08:59]}  b4 {[%clk 0:05:54]} 1/2-1/2

[Event "45th FIDE Chess Olympiad Open"]
[Site "Budapest, Hungary"]
[Date "2024.09.22"]
[Round "11"]
[White "Ribera Veganzones, Serni"]
[Black "Pantzar, Milton"]
[Result "0-1"]
[Board "108"]
[WhiteFideId "6900860"]
[BlackFideId "1721003"]
[WhiteTitle "FM"]
[BlackTitle "IM"]
[WhiteElo "2309"]
[BlackElo "2437"]
[WhiteTeam "Andorra"]
[BlackTeam "Sweden"]
[WhiteClock "0:00:32"]
[BlackClock "0:01:26"]
[Variant "Standard"]

1. e4 {[%clk 1:30:57]}  e5 {[%clk 1:30:51]} 2. Nf3 {[%clk 1:31:20]}  Nc6 {[%clk 1:31:15]} 3. Bb5 {[%clk 1:31:36]}  a6 {[%clk 1:31:27]} 4. Ba4 {[%clk 1:31:56]}  Nf6 {[%clk 1:31:42]} 5. O-O {[%clk 1:32:10]}  Be7 {[%clk 1:31:47]} 6. Re1 {[%clk 1:32:22]}  b5 {[%clk 1:31:47]} 7. Bb3 {[%clk 1:31:16]}  d6 {[%clk 1:32:05]} 8. c3 {[%clk 1:31:26]}  O-O {[%clk 1:32:19]} 9. h3 {[%clk 1:31:45]}  Na5 {[%clk 1:32:30]} 10. Bc2 {[%clk 1:32:02]}  c5 {[%clk 1:32:39]} 11. d4 {[%clk 1:32:18]}  Qc7 {[%clk 1:32:57]} 12. d5 {[%clk 1:32:16]}  Nc4 {[%clk 1:32:53]} 13. b3 {[%clk 1:31:30]}  Nb6 {[%clk 1:33:13]} 14. a4 {[%clk 1:29:21]}  c4 {[%clk 1:32:08]} 15. axb5 {[%clk 1:21:30]}  cxb3 {[%clk 1:30:07]} 16. Bd3 {[%clk 1:15:50]}  Nfd7 {[%clk 1:28:01]} 17. Be3 {[%clk 1:00:46]}  b2 {[%clk 0:53:01]} 18. Ra2 {[%clk 1:00:03]}  axb5 {[%clk 0:49:18]} 19. Rxb2 {[%clk 0:52:24]}  Nc4 {[%clk 0:47:40]} 20. Rxb5 {[%clk 0:44:22]}  Nxe3 {[%clk 0:47:12]} 21. Rxe3 {[%clk 0:44:44]}  Nc5 {[%clk 0:46:29]} 22. Bc2 {[%clk 0:44:00]}  Ra1 {[%clk 0:41:41]} 23. Re1 {[%clk 0:38:58]}  Qa7 {[%clk 0:38:55]} 24. Qd2 {[%clk 0:34:38]}  Bd8 {[%clk 0:35:34]} 25. Rb2 {[%clk 0:26:49]}  Bb6 {[%clk 0:29:16]} 26. Qe2 {[%clk 0:26:24]}  Ba6 {[%clk 0:21:57]} 27. c4 {[%clk 0:26:37]}  Ba5 {[%clk 0:20:49]} 28. Nbd2 {[%clk 0:24:45]}  Ra3 {[%clk 0:11:37]} 29. Rf1 {[%clk 0:20:29]}  Bc3 {[%clk 0:11:15]} 30. Rbb1 {[%clk 0:20:43]}  Ra2 {[%clk 0:10:30]} 31. Bb3 {[%clk 0:18:07]}  Ra3 {[%clk 0:05:26]} 32. Rfc1 {[%clk 0:17:13]}  Ba5 {[%clk 0:04:22]} 33. Ra1 {[%clk 0:14:50]}  Rxa1 {[%clk 0:04:16]} 34. Rxa1 {[%clk 0:15:14]}  Qc7 {[%clk 0:03:37]} 35. Bc2 {[%clk 0:08:45]}  Rb8 {[%clk 0:03:48]} 36. Qd1 {[%clk 0:05:41]}  Bb6 {[%clk 0:02:11]} 37. Rb1 {[%clk 0:04:21]}  g6 {[%clk 0:02:29]} 38. Ne1 {[%clk 0:03:59]}  Rf8 {[%clk 0:01:05]} 39. Nd3 {[%clk 0:02:57]}  Ba7 {[%clk 0:00:38]} 40. Nb4 {[%clk 0:01:37]}  Bb7 {[%clk 0:00:45]} 41. Nd3 {[%clk 0:25:06]}  Bc8 {[%clk 0:25:25]} 42. Nxc5 {[%clk 0:22:14]}  Qxc5 {[%clk 0:25:45]} 43. Qe2 {[%clk 0:22:30]}  Qc7 {[%clk 0:22:29]} 44. Nb3 {[%clk 0:20:46]}  Bd7 {[%clk 0:21:17]} 45. c5 {[%clk 0:19:34]}  Bxc5 {[%clk 0:21:21]} 46. Nxc5 {[%clk 0:19:59]}  Qxc5 {[%clk 0:21:37]} 47. Bd3 {[%clk 0:18:25]}  Ra8 {[%clk 0:16:57]} 48. Qc2 {[%clk 0:15:13]}  Qxc2 {[%clk 0:12:53]} 49. Bxc2 {[%clk 0:15:41]}  Kf8 {[%clk 0:13:12]} 50. g4 {[%clk 0:13:58]}  Ke7 {[%clk 0:09:47]} 51. Rb3 {[%clk 0:13:26]}  Ra5 {[%clk 0:08:13]} 52. Kg2 {[%clk 0:10:17]}  Rc5 {[%clk 0:07:37]} 53. Bd3 {[%clk 0:10:11]}  h6 {[%clk 0:05:11]} 54. Rb7 {[%clk 0:07:32]}  Kd8 {[%clk 0:05:18]} 55. Rb3 {[%clk 0:07:10]}  Bc8 {[%clk 0:03:19]} 56. Kg3 {[%clk 0:06:30]}  Ke7 {[%clk 0:03:26]} 57. Ra3 {[%clk 0:05:29]}  f5 {[%clk 0:03:26]} 58. gxf5 {[%clk 0:03:12]}  gxf5 {[%clk 0:03:53]} 59. f4 {[%clk 0:02:53]}  Kf6 {[%clk 0:03:06]} 60. h4 {[%clk 0:02:11]}  fxe4 {[%clk 0:02:39]} 61. Bxe4 {[%clk 0:02:33]}  exf4+ {[%clk 0:02:14]} 62. Kxf4 {[%clk 0:02:57]}  Rc4 {[%clk 0:02:38]} 63. Ra8 {[%clk 0:02:22]}  Bb7 {[%clk 0:02:40]} 64. Ra5 {[%clk 0:01:13]}  Rb4 {[%clk 0:02:36]} 65. Ke3 {[%clk 0:00:33]}  Ke5 {[%clk 0:02:58]} 66. Bf3 {[%clk 0:00:34]}  Rxh4 {[%clk 0:03:07]} 67. Rb5 {[%clk 0:00:32]}  Bc8 {[%clk 0:02:55]} 68. Rb8 {[%clk 0:00:53]}  Rc4 {[%clk 0:02:29]} 69. Rb1 {[%clk 0:00:34]}  Bf5 {[%clk 0:01:56]} 70. Rb8 {[%clk 0:00:32]}  Rc3+ {[%clk 0:02:12]} 71. Kf2 {[%clk 0:00:57]}  Bc8 {[%clk 0:01:38]} 72. Rb4 {[%clk 0:01:17]}  Rc7 {[%clk 0:00:47]} 73. Rh4 {[%clk 0:01:19]}  Rh7 {[%clk 0:00:40]} 74. Rh5+ {[%clk 0:01:29]}  Kf4 {[%clk 0:00:47]} 75. Rh4+ {[%clk 0:01:45]}  Kg5 {[%clk 0:01:01]} 76. Rh5+ {[%clk 0:01:51]}  Kf6 {[%clk 0:01:04]} 77. Be4 {[%clk 0:01:57]}  Rh8 {[%clk 0:01:31]} 78. Ke3 {[%clk 0:02:07]}  Bd7 {[%clk 0:01:34]} 79. Kf4 {[%clk 0:02:20]}  Kg7 {[%clk 0:01:49]} 80. Rh1 {[%clk 0:02:28]}  Rf8+ {[%clk 0:02:01]} 81. Ke3 {[%clk 0:02:48]}  Bg4 {[%clk 0:01:44]} 82. Ra1 {[%clk 0:01:44]}  h5 {[%clk 0:01:39]} 83. Ra7+ {[%clk 0:01:53]}  Kh6 {[%clk 0:00:54]} 84. Rh7+ {[%clk 0:01:34]}  Kg5 {[%clk 0:01:23]} 85. Rg7+ {[%clk 0:01:56]}  Kf6 {[%clk 0:01:00]} 86. Rh7 {[%clk 0:00:58]}  Re8 {[%clk 0:01:10]} 87. Rh6+ {[%clk 0:01:16]}  Ke5 {[%clk 0:00:37]} 88. Bg6 {[%clk 0:00:58]}  Ra8 {[%clk 0:00:42]} 89. Kf2 {[%clk 0:00:31]}  Ra2+ {[%clk 0:00:58]} 90. Kg3 {[%clk 0:00:32]}  Ra3+ {[%clk 0:01:24]} 91. Kg2 {[%clk 0:00:53]}  Ra2+ {[%clk 0:00:50]} 92. Kg3 {[%clk 0:01:07]}  Ra3+ {[%clk 0:01:16]} 93. Kg2 {[%clk 0:01:04]}  Bf3+ {[%clk 0:00:46]} 94. Kh2 {[%clk 0:00:52]}  Ra1 {[%clk 0:00:47]} 95. Kg3 {[%clk 0:00:53]}  Ra3 {[%clk 0:00:56]} 96. Kh2 {[%clk 0:00:33]}  Kf4 {[%clk 0:00:38]} 97. Bf7 {[%clk 0:00:41]}  Ra2+ {[%clk 0:00:56]} 98. Kg1 {[%clk 0:00:53]}  Kg3 {[%clk 0:01:02]} 99. Rg6+ {[%clk 0:00:32]}  Bg4 {[%clk 0:01:26]} 0-1

[Event "45th FIDE Chess Olympiad Open"]
[Site "Budapest, Hungary"]
[Date "2024.09.22"]
[Round "11"]
[White "Neiksans, Arturs"]
[Black "Romanov, Evgeny"]
[Result "1/2-1/2"]
[Board "109"]
[WhiteFideId "11601388"]
[BlackFideId "4148843"]
[WhiteTitle "GM"]
[BlackTitle "GM"]
[WhiteElo "2571"]
[BlackElo "2567"]
[WhiteTeam "Latvia"]
[BlackTeam "North Macedonia"]
[WhiteClock "0:04:05"]
[BlackClock "0:10:52"]
[Variant "Standard"]

1. Nf3 {[%clk 1:30:57]}  c5 {[%clk 1:30:43]} 2. c4 {[%clk 1:30:45]}  Nc6 {[%clk 1:30:41]} 3. d4 {[%clk 1:31:04]}  cxd4 {[%clk 1:31:00]} 4. Nxd4 {[%clk 1:31:29]}  Qb6 {[%clk 1:30:59]} 5. Nb3 {[%clk 1:31:08]}  e6 {[%clk 1:31:21]} 6. e4 {[%clk 1:26:33]}  Bb4+ {[%clk 1:31:25]} 7. Nc3 {[%clk 1:26:13]}  Nf6 {[%clk 1:29:16]} 8. Bd3 {[%clk 1:26:22]}  d6 {[%clk 1:17:32]} 9. O-O {[%clk 1:24:50]}  Bxc3 {[%clk 1:17:46]} 10. bxc3 {[%clk 1:25:15]}  O-O {[%clk 1:12:49]} 11. Bg5 {[%clk 1:20:46]}  Nd7 {[%clk 1:08:36]} 12. Qh5 {[%clk 0:57:53]}  Nce5 {[%clk 1:06:01]} 13. Rad1 {[%clk 0:55:16]}  f6 {[%clk 1:03:34]} 14. Bc1 {[%clk 0:36:20]}  Nc5 {[%clk 0:49:39]} 15. Bc2 {[%clk 0:35:45]}  Qc7 {[%clk 0:44:57]} 16. Rd4 {[%clk 0:29:20]}  b6 {[%clk 0:39:18]} 17. Rfd1 {[%clk 0:25:17]}  Bb7 {[%clk 0:34:04]} 18. f4 {[%clk 0:14:22]}  Nf7 {[%clk 0:20:44]} 19. e5 {[%clk 0:13:56]}  f5 {[%clk 0:21:08]} 20. exd6 {[%clk 0:13:58]}  Qc6 {[%clk 0:21:32]} 21. Qe2 {[%clk 0:13:28]}  Na4 {[%clk 0:21:41]} 22. R1d3 {[%clk 0:12:15]}  e5 {[%clk 0:16:36]} 23. fxe5 {[%clk 0:12:41]}  Nxe5 {[%clk 0:16:59]} 24. Re3 {[%clk 0:11:31]}  Ng4 {[%clk 0:17:12]} 25. Re7 {[%clk 0:05:02]}  Nxc3 {[%clk 0:13:20]} 26. Qf3 {[%clk 0:04:18]}  Qxf3 {[%clk 0:11:52]} 27. gxf3 {[%clk 0:04:42]}  Bxf3 {[%clk 0:12:19]} 28. h3 {[%clk 0:03:46]}  Nf6 {[%clk 0:11:24]} 29. Rd3 {[%clk 0:02:40]}  Ne2+ {[%clk 0:10:58]} 30. Kf2 {[%clk 0:02:48]}  Nxc1 {[%clk 0:11:09]} 31. Rxf3 {[%clk 0:03:09]}  Nxb3 {[%clk 0:10:01]} 32. Bxb3 {[%clk 0:02:03]}  Ne4+ {[%clk 0:09:51]} 33. Ke3 {[%clk 0:00:53]}  Nc5 {[%clk 0:10:11]} 34. Bc2 {[%clk 0:01:05]}  g6 {[%clk 0:08:52]} 35. Kf4 {[%clk 0:01:27]}  a5 {[%clk 0:08:00]} 36. h4 {[%clk 0:01:22]}  Rad8 {[%clk 0:06:55]} 37. Ke5 {[%clk 0:01:44]}  Rf7 {[%clk 0:04:15]} 38. Rf1 {[%clk 0:01:18]}  Kf8 {[%clk 0:01:33]} 39. Rxf7+ {[%clk 0:00:41]}  Kxf7 {[%clk 0:02:02]} 40. Rb1 {[%clk 0:01:03]}  Rc8 {[%clk 0:01:40]} 41. Kd5 {[%clk 0:28:41]}  Nd7 {[%clk 0:19:22]} 42. Ba4 {[%clk 0:19:29]}  Nf6+ {[%clk 0:19:36]} 43. Kd4 {[%clk 0:19:32]}  Rb8 {[%clk 0:19:14]} 44. Ke5 {[%clk 0:11:29]}  Ne4 {[%clk 0:10:08]} 45. Bc6 {[%clk 0:09:49]}  Nc5 {[%clk 0:10:28]} 46. a3 {[%clk 0:05:59]}  Nd3+ {[%clk 0:10:33]} 47. Kd4 {[%clk 0:05:13]}  Nc5 {[%clk 0:10:39]} 48. Ke5 {[%clk 0:04:18]}  Nd3+ {[%clk 0:10:55]} 49. Kd4 {[%clk 0:04:05]}  Nc5 {[%clk 0:10:52]} 1/2-1/2

[Event "45th FIDE Chess Olympiad Open"]
[Site "Budapest, Hungary"]
[Date "2024.09.22"]
[Round "11"]
[White "Nikolovski, Nikola"]
[Black "Meshkovs, Nikita"]
[Result "1/2-1/2"]
[Board "110"]
[WhiteFideId "15002314"]
[BlackFideId "11602740"]
[WhiteTitle "IM"]
[BlackTitle "GM"]
[WhiteElo "2388"]
[BlackElo "2534"]
[WhiteTeam "North Macedonia"]
[BlackTeam "Latvia"]
[WhiteClock "0:15:42"]
[BlackClock "0:21:21"]
[Variant "Standard"]

1. e4 {[%clk 1:30:53]}  Nf6 {[%clk 1:30:21]} 2. e5 {[%clk 1:27:12]}  Nd5 {[%clk 1:30:42]} 3. d4 {[%clk 1:27:20]}  d6 {[%clk 1:31:04]} 4. c4 {[%clk 1:25:01]}  Nb6 {[%clk 1:31:25]} 5. f4 {[%clk 1:24:55]}  dxe5 {[%clk 1:31:38]} 6. fxe5 {[%clk 1:25:12]}  Nc6 {[%clk 1:32:02]} 7. Be3 {[%clk 1:25:12]}  Bf5 {[%clk 1:32:23]} 8. Nc3 {[%clk 1:21:29]}  e6 {[%clk 1:32:41]} 9. Be2 {[%clk 1:16:59]}  Be7 {[%clk 1:27:42]} 10. Nf3 {[%clk 1:16:33]}  O-O {[%clk 1:27:00]} 11. O-O {[%clk 1:16:40]}  f6 {[%clk 1:27:04]} 12. exf6 {[%clk 1:08:43]}  Bxf6 {[%clk 1:27:26]} 13. h3 {[%clk 1:08:24]}  h6 {[%clk 1:21:25]} 14. Qd2 {[%clk 1:03:18]}  Qe7 {[%clk 1:18:44]} 15. Rad1 {[%clk 1:01:28]}  Rad8 {[%clk 1:19:03]} 16. Qc1 {[%clk 1:00:54]}  Rd7 {[%clk 1:15:14]} 17. Rd2 {[%clk 0:51:47]}  Rfd8 {[%clk 1:13:29]} 18. Rfd1 {[%clk 0:51:22]}  g5 {[%clk 1:00:33]} 19. d5 {[%clk 0:25:44]}  Ne5 {[%clk 0:46:39]} 20. Bxb6 {[%clk 0:15:05]}  Nxf3+ {[%clk 0:39:18]} 21. Bxf3 {[%clk 0:15:30]}  axb6 {[%clk 0:39:38]} 22. Kh1 {[%clk 0:14:17]}  Be5 {[%clk 0:31:12]} 23. dxe6 {[%clk 0:13:09]}  Rxd2 {[%clk 0:30:56]} 24. Rxd2 {[%clk 0:13:32]}  Rxd2 {[%clk 0:30:04]} 25. Qxd2 {[%clk 0:13:55]}  c6 {[%clk 0:30:23]} 26. Qe3 {[%clk 0:09:06]}  Qxe6 {[%clk 0:22:40]} 27. g4 {[%clk 0:05:30]}  Bg7 {[%clk 0:18:03]} 28. Qxb6 {[%clk 0:04:03]}  Qe1+ {[%clk 0:13:01]} 29. Kg2 {[%clk 0:04:26]}  Qd2+ {[%clk 0:07:57]} 30. Qf2 {[%clk 0:03:40]}  Qxf2+ {[%clk 0:07:51]} 31. Kxf2 {[%clk 0:04:04]}  Bd3 {[%clk 0:05:51]} 32. Be2 {[%clk 0:04:00]}  Bd4+ {[%clk 0:06:18]} 33. Ke1 {[%clk 0:01:01]}  Bg6 {[%clk 0:05:22]} 34. Kd2 {[%clk 0:01:22]}  Kg7 {[%clk 0:05:50]} 35. Bd3 {[%clk 0:01:30]}  Bf7 {[%clk 0:06:19]} 36. b3 {[%clk 0:01:08]}  Kf6 {[%clk 0:06:47]} 37. Ne2 {[%clk 0:01:06]}  Ke5 {[%clk 0:05:12]} 38. Bf5 {[%clk 0:01:32]}  Bf2 {[%clk 0:04:15]} 39. Bh7 {[%clk 0:00:45]}  h5 {[%clk 0:04:15]} 40. Bf5 {[%clk 0:00:35]}  h4 {[%clk 0:03:32]} 41. Kd3 {[%clk 0:26:53]}  Bc5 {[%clk 0:26:58]} 42. Kc3 {[%clk 0:23:43]}  Bf2 {[%clk 0:24:41]} 43. Kd3 {[%clk 0:22:40]}  Bc5 {[%clk 0:22:52]} 44. Kc3 {[%clk 0:22:39]}  Ba3 {[%clk 0:21:21]} 45. Kd3 {[%clk 0:15:42]} 1/2-1/2